FOOT : TOP 5 des meilleurs joueurs des équipes de Ligue 1 2024/2025 - Statistiques

Statistiques générales
  • Ce quiz a été pris 123 fois
  • Le résultat moyen est 22 sur 90
Statistiques - réponses
EQUIPE Joueurs % Correct
PSG Dembélé
98%
PSG Doué
95%
PSG Barcola
85%
PSG Vitinha
82%
PSG Hakimi
80%
OM Greenwood
74%
OM Rabiot
73%
OM Gouiri
54%
LILLE David
53%
OL Lacazette
53%
OL Cherki
49%
MONACO Akliouche
44%
OL Fofana
41%
Strasbourg Emegha
39%
OL Tolisso
39%
MONACO Ben Seghir
38%
LILLE Chevalier
37%
BREST Ajorque
35%
LILLE André
34%
OM Henrique
34%
NICE Laborde
34%
MONTPELLIER Savanier
34%
MONACO Zakaria
34%
MONACO Biereth
33%
BREST Camara
33%
RENNES Kalimuendo
33%
Strasbourg Santos
33%
NANTES Simon
33%
SAINT-ETIENNE Stassin
32%
NANTES Abline
31%
LENS Medina
31%
OL Mikautadze
31%
NICE Guessand
29%
RENNES Blas
26%
AUXERRE Perrin
26%
NICE Clauss
25%
REIMS Diakité
25%
REIMS Ito
23%
Strasbourg Moreira
23%
MONACO Singo
23%
NICE Bulka
22%
OM Hojbjerg
22%
Strasbourg Bakwa
21%
LE HAVRE Touré
21%
SAINT-ETIENNE Davitashvili
20%
REIMS Nakamura
20%
LENS Sotoca
19%
NICE Diop
18%
LENS Gradit
18%
ANGERS Lepaul
18%
BREST Del Castillo
17%
LILLE Haraldsson
17%
RENNES Truffert
16%
LENS Thomasson
14%
AUXERRE Traoré
14%
NANTES Chirivella
13%
NANTES Lepenant
13%
AUXERRE Sinayoko
13%
SAINT-ETIENNE Cardona
12%
LENS El Aynaoui
12%
BREST Sima
12%
MONTPELLIER Ferri
11%
TOULOUSE Gboho
11%
MONTPELLIER Nordin
11%
ANGERS Abdelli
9%
RENNES Assignon
9%
NANTES Augusto
8%
MONTPELLIER Coulibaly
8%
TOULOUSE Cresswell
8%
Strasbourg Lemaréchal
8%
TOULOUSE Aboukhlal
7%
SAINT-ETIENNE Nade
7%
TOULOUSE King
5%
BREST Pereira Lage
5%
TOULOUSE Suazo
5%
SAINT-ETIENNE Tardieu
5%
LE HAVRE Casimir
4%
ANGERS El Melali
4%
RENNES Hateboer
4%
LE HAVRE Nego
4%
LILLE Sahraoui
4%
LE HAVRE Soumaré
4%
REIMS Akieme
3%
ANGERS Allevinah
3%
ANGERS Raolisoa
3%
AUXERRE Onaiwu
2%
AUXERRE Owusu
2%
LE HAVRE Zouaoui
2%
MONTPELLIER Sagnan
1%
REIMS Sangui
1%
Aucun quiz correspondant
Distribution des résultats
% des personnes avec chaque résultat
Percentile par nombre de réponses
Votre historique - résultats
Vous n’avez pas pris ce quiz